00374nam a2200145Ia 4500008004100000020001500041041001200056082001100068100001700079245004900096260004900145300000800194650001200202700001400214221030s9999 xx 000 0 und d a8122415288 aEnglish a105.23 aS. L. Kakani 0aMaterial Sciencecby S. L. Kakani, A. Kakani bNew Age International Pub.aNew Delhic2009 a640 aPhysics aA. Kakani